00354nam a2200145Ia 4500003000400000005001700004008004100021040000700062041000800069082001900077100001700096245003900113260004300152365001300195OSt20230608112903.0210423s2007 xx 000 0 und d cAL aeng a920 223bWILH aWILLIAM (P). aHow to be like women of influence. aChennaibWest Publishing Companyc2007 b250cINR